000 00932cam a22002411 4500
001 gs 26000178
003 DLC
005 20260227111330.0
008 760514s1925 tnuabf 000 0 eng c
010 _ags 26000178
035 _a(OCoLC)2177163
040 _aU. S. Geol. Survey Libr.
_cNcWsW
_dDLC
050 0 0 _aQE165
_b.A2 33-B
051 _aTN805.T2
_bG6
_cCopy 2.
100 1 _aGlenn, L. C.
_q(Leonidas Chalmers),
_d1871-
245 1 4 _aThe northern Tennessee coal field
_bincluded in Anderson, Campbell, Claiborne, Fentress, Morgan, Overton, Pickett, Roane, and Scott counties,
_cby L. C. Glenn.
260 _aNashville, Tenn.,
_c1925.
300 _axvi, 478 p.
_billus., XIII pl., maps, tables.
_c23 cm.
490 0 _aTennessee. Geological survey. Bulletin
_v33-B
500 _aAt head of title: State of Tennessee. Department of education. Division of geology.
650 0 _aCoal
_zTennessee.
650 0 _aGeology, Economic.
999 _c26463
_d26463